Cuộc sống và pháp luật
Nội dung sách giới thiệu về cuộc sống thật là đơn giản; một số văn bản quy phạm pháp luật tác động thường xuyên đến cuộc sống.
Uloženo v:
| Médium: | Kniha |
|---|---|
| Jazyk: | Undetermined |
| Vydáno: |
Hà Nội
Chính trị Quốc gia
2017
|
| Témata: | |
| Tagy: |
Přidat tag
Žádné tagy, Buďte první, kdo otaguje tento záznam!
|
| Thư viện lưu trữ: | Trung tâm Học liệu Trường Đại học Cần Thơ |
|---|
| LEADER | 00865nam a2200205Ia 4500 | ||
|---|---|---|---|
| 001 | CTU_223881 | ||
| 008 | 210402s9999 xx 000 0 und d | ||
| 082 | |a 342.597 | ||
| 082 | |b C514 | ||
| 245 | 0 | |a Cuộc sống và pháp luật | |
| 245 | 0 | |c Nguyễn Nhật Minh ... [et al.] | |
| 260 | |a Hà Nội | ||
| 260 | |b Chính trị Quốc gia | ||
| 260 | |c 2017 | ||
| 520 | |a Nội dung sách giới thiệu về cuộc sống thật là đơn giản; một số văn bản quy phạm pháp luật tác động thường xuyên đến cuộc sống. | ||
| 650 | |a Hiến pháp,Administrative agencies,Cơ quan hành chính,Constitutions | ||
| 650 | |z Việt Nam,Vietnam,Việt Nam,Vietnam | ||
| 904 | |i Trọng Hải | ||
| 910 | |b nthai | ||
| 980 | |a Trung tâm Học liệu Trường Đại học Cần Thơ | ||